header

How does the global economic environment influence the demand for IMF resources (Record no. 102738)

MARC details
000 -LEADER
fixed length control field 01218nam a2200301Ia 4500
100 1# - MAIN ENTRY--AUTHOR NAME
Personal name Elekdag, Selim.
245 10 - TITLE STATEMENT
Title How does the global economic environment influence the demand for IMF resources
260 ## - PUBLICATION, DISTRIBUTION, ETC. (IMPRINT)
Place of publication [Washington, D.C.] :
Name of publisher International Monetary Fund,
Year of publication c2006.
300 ## - PHYSICAL DESCRIPTION
Number of Pages 33 p.
490 1# - SERIES STATEMENT
Series statement IMF working paper ;
500 ## - GENERAL NOTE
General note "October 2006".
650 #0 - SUBJECT ADDED ENTRY--TOPICAL TERM
Topical Term Loans, Foreign.
Topical Term Economic assistance.
856 40 - ELECTRONIC LOCATION AND ACCESS
Uniform Resource Identifier http://site.ebrary.com/lib/rucke/Doc?id=10380732

No items available.

© 2026 Rongo University
Contact us: librarian | system librarian | Rongo university